00780nam a2200253 i 4500003000900000005001700009007000300026008004100029020001800070040003000088041000800118082002500126100003400151245005700185264004600242300002800288336002700316337003300343338002800376500005900404650002400463650001200487650002700499DO-SdBNP20250429115423.0ta240628b2024 dr ||| |||| 00| 0 spa d a9789945188219 aDO-SdBNPbspacBNPHUerda aspa 4aRD861.44 bC433s2221 aChaín, Plinio,eautor4aut.10aSi parece irreal es coincidencia /cPlinio Chahín. 4aSanto Domingo :bEditora Búho,c©2024. a115 páginas ;c23 cm. atextobtxt2rdacontent asin mediaciónbn2rdamedia avolumenbnc2rdacarrier aIncluye datos biográficos de la autor en las solapas 4aPoesía dominicana 0aÉxito 4aSuperación personal